00273nam a22001217a 4500003000400000020001800004082001600022100001800038245003100056250001400087260004200101300000800143SGT a9789366164939 a617.5bM25G aGupta, Hemant aMastering the BDS III Year a12th Ed.  aDelhi, IndiabJaypee Publishersc2025 a928